Sociálne poistenie

Enregistré dans:
Détails bibliographiques
Auteur principal: Šebo, Ján
Autres auteurs: Štrangfeldová, Jana
Format: Livre
Langue:slovaque
Publié: Banská Bystrica Univerzita Mateja Bela, Ekonomická fakulta v Banskej Bystrici 2008
Sujets:
Tags: Ajouter un tag
Pas de tags, Soyez le premier à ajouter un tag!

MARC

LEADER 00000nam$a2200000$$$4500
001 0093519
005 20240223112231.8
020 |a 978-80-8083-642-9 
041 0 |a slo 
044 |a SK 
245 1 0 |a Sociálne poistenie  |c Ján Šebo, Jana Štrangfeldová 
264 1 |a Banská Bystrica  |b Univerzita Mateja Bela, Ekonomická fakulta v Banskej Bystrici  |c 2008 
300 |a 164 s. 
610 2 0 |a poistenie sociálne 
610 2 0 |a história 
610 2 0 |a poisťovníctvo 
610 2 0 |a poisťovne 
610 2 0 |a zabezpečenie sociálne 
610 2 0 |a systémy sociálne 
610 2 0 |a zákony 
610 2 0 |a zabezpečenie dôchodkové 
610 2 0 |a sporenie dôchodkové 
610 2 0 |a Slovensko 
100 1 |a Šebo, Ján 
700 1 |a Štrangfeldová, Jana